000 00695nam a22001697a 4500
003 OSt
005 20251215161021.0
008 251215b |||||||| |||| 00| 0 eng d
040 _cDCL
082 _a၄၉၁.၃၇၅
100 0 _aဇနကာဘိဝံသ၊
_cအရှင်။
245 1 0 _aအခြေပြုသဒ္ဒါ /
_cအရှင်ဇနကာဘိဝံသ။
260 _aအမရပူရ ၊
_bမဟာဂန္ဓာရုံစာပေ၊
_c၂၀၀၆။
300 _a၆၄၅ စာမျက်နှာ ၊
_c၁၈ စင်တီ။
650 _aပါဠိဘာသာစကား
_xသဒ္ဒါ
942 _2ddc
_cSHORT TERM
_n0
999 _c2720
_d2720